000 004350000a22001690004500
041 0 _aENG
082 0 4 _aG 266 S6421e
100 1 _aSmith, Egbert W.
245 1 0 _aThe desire of all nations / Egbert W. Smith
260 _aGarden City, New York, USA : Doubleday
300 _a193 Pag
001 7398
942 _cBK
999 _c37613
_d37613
336 _atexto
_btxt
_2rdacontent
337 _2rdamedia
_asin mediación
_bn
338 _2rdacarrier
_avolumen
_bnc